000 01126cam a22003257a 4500
003 CHAP
005 20250925062744.0
008 971013s1967 r 00010 d
010 _a19052
011 _a20024
035 _a24111
040 _cCHAP
082 _a636.29
_bA5Y
100 0 0 _aAlves Santiago, Alberto.
_95033
245 1 3 _aEl cebú; ganado bovino para los países tropicales
260 _aMéxico, D.F., :
_bUTEHA,
_c1967
300 _a481 p.
_b: ilus
590 _aBATCH-UPD
_b10
_c20130110
_lUCH01
_h0150
590 _aBATCH-UPD
_b10
_c20130110
_lUCH01
_h2102
590 _aBATCH-UPD
_b10
_c20130410
_lUCH01
_h1414
590 _aBATCH-UPD
_b10
_c20130914
_lUCH01
_h0300
590 _aCONVERSION
_b10
_c20130109
_lUCH01
_h1312
650 1 7 _aGanado cebú
_2
_945056
901 _aBK
942 _cLIBRO
949 _a636.29 A5Y
_bBC
_cLIBRO
_d33724000113080
_eLIBRO
_h11397
_i24111
_mD
_si
_t370.00
949 _a636.29 A5Y
_bBC
_cLIBRO
_d33724000584777
_eLIBRO
_fc.3
_h53741
_i24111
_si
_t370.00
949 _a636.29 A5Y
_bZ
_cLIBRO
_d-26686
_eLIBRO
_h310
_i24111
_si
949 _a636.29 A5Y
_bZ
_cLIBRO
_d-86698
_eLIBRO
_fc.2
_h347
_i24111
_si
999 _c19052
_d19052